[Event "ITA-chT GpA 54th"]
[Site "Bacoli"]
[Date "2023.04.29"]
[Round "7"]
[White "Podetti, Davide"]
[Black "Signorelli, Gaetano"]
[Result "1/2-1/2"]
[WhiteElo "2281"]
[BlackElo "2194"]
[PlyCount "31"]
[EventDate "2023.04.25"]
[EventType "team-tourn"]
[EventRounds "7"]
[EventCountry "ITA"]
[SourceTitle "CBM 213 Extra"]
[Source "ChessBase"]
[SourceDate "2023.05.31"]
[SourceVersion "1"]
[SourceVersionDate "2023.05.31"]
[SourceQuality "1"]
[WhiteTeam "Cerianese Scacchistica"]
[BlackTeam "Carrera Don Pietro"]
[WhiteTeamCountry "ITA"]
[BlackTeamCountry "ITA"]

1. e4 c6 2. d4 d5 3. exd5 cxd5 4. Bd3 Nf6 5. c3 Bg4 6. Qb3 Qc7 7. Bg5 e6 8. Nd2 Bd6 9. Ngf3 Nc6 10. 0-0 0-0 11. Rfe1 Nh5 12. h3 Bxf3 13. Nxf3 Nf4 14. Bxf4 Bxf4 15. Re2 Rab8 16. Rae1 1/2-1/2

[Event "ITA-chT GpA 54th"]
[Site "Bacoli"]
[Date "2023.04.27"]
[Round "4"]
[White "Signorelli, Gaetano"]
[Black "Brunello, Sabino"]
[Result "0-1"]
[WhiteElo "2194"]
[BlackElo "2510"]
[PlyCount "108"]
[EventDate "2023.04.25"]
[EventType "team-tourn"]
[EventRounds "7"]
[EventCountry "ITA"]
[SourceTitle "CBM 213 Extra"]
[Source "ChessBase"]
[SourceDate "2023.05.31"]
[SourceVersion "1"]
[SourceVersionDate "2023.05.31"]
[SourceQuality "1"]
[WhiteTeam "Carrera Don Pietro"]
[BlackTeam "Padova Obiettivo"]
[WhiteTeamCountry "ITA"]
[BlackTeamCountry "ITA"]

1. e4 e5 2. d4 exd4 3. Qxd4 Nc6 4. Qe3 Nf6 5. Nc3 Bb4 6. Bd2 0-0 7. 0-0-0 Re8 8. Qf4 Bd6 9. Qe3 Be5 10. f3 d5 11. Qg5 dxe4 12. fxe4 Ng4 13. Qxd8 Nxd8 14. Nh3 Nxh2 15. Be2 Ng4 16. Bg5 Ne6 17. Bxg4 Nxg5 18. Bxc8 Raxc8 19. Nxg5 Bf4+ 20. Kb1 Bxg5 21. Rd7 Red8 22. Rhd1 Kf8 23. Nb5 c6 24. Nc3 Rb8 25. e5 Rxd7 26. Rxd7 Ke8 27. Rd3 Bf4 28. Ne4 Bxe5 29. Nc5 f6 30. a4 b6 31. Nd7 Rd8 32. Nxe5 fxe5 33. Re3 Rd1+ 34. Ka2 Rd2 35. Rxe5+ Kf7 36. g3 Rxc2 37. Re3 Rc4 38. Ka3 Rg4 39. b4 a5 40. bxa5 bxa5 41. Re5 Rxg3+ 42. Kb2 Kg6 43. Rxa5 h5 44. Rc5 h4 45. a5 Rf3 46. Kc2 h3 47. Kd2 h2 48. Rc1 Ra3 49. Ke2 Rxa5 50. Rxc6+ Kg5 51. Rc1 Kf4 52. Rf1+ Ke4 53. Rh1 Ra2+ 54. Kf1 Ke5 0-1

[Event "ITA-chTA 52nd"]
[Site "Montesilvano"]
[Date "2021.09.23"]
[Round "6.3"]
[White "Ladron de Guevara Pinto, Paolo"]
[Black "Signorelli, Gaetano"]
[Result "1-0"]
[WhiteElo "2422"]
[BlackElo "2226"]
[PlyCount "96"]
[EventDate "2021.09.20"]
[EventType "team-tourn"]
[EventRounds "7"]
[EventCountry "ITA"]
[SourceTitle "CBM 204 Extra"]
[Source "ChessBase"]
[SourceDate "2021.11.30"]
[SourceVersion "1"]
[SourceVersionDate "2021.11.30"]
[SourceQuality "1"]
[WhiteTeam "WorldtradingLab"]
[BlackTeam "Carrera Don Pietro"]
[WhiteTeamCountry "ITA"]
[BlackTeamCountry "ITA"]

1. e4 d5 2. exd5 Nf6 3. d4 Bg4 4. f3 Bf5 5. g4 Bg6 6. c4 e6 7. Nc3 c5 8. Be3 Be7 9. h4 h5 10. g5 Nfd7 11. Bd3 Bxd3 12. Qxd3 exd5 13. cxd5 c4 14. Qxc4 0-0 15. Nge2 Nb6 16. Qb3 Na6 17. a3 Bd6 18. 0-0-0 Rc8 19. Kb1 Nc4 20. Bc1 Qd7 21. Rhg1 b5 22. Ne4 Qf5 23. Qd3 Kh8 24. Nxd6 Nxd6 25. Qxf5 Nxf5 26. Bf4 Rfd8 27. d6 Nxd6 28. Ng3 Rc4 29. Be5 Nc7 30. b3 Rc3 31. Bxd6 Rxd6 32. Ne4 Rcc6 33. Nxd6 Rxd6 34. Kb2 Kh7 35. Rge1 Nd5 36. Re4 Kg6 37. Rc1 f6 38. gxf6 Nxf6 39. Rg1+ Kf7 40. Re5 Rxd4 41. Rxb5 Rxh4 42. Rb7+ Ke6 43. Rbxg7 Rf4 44. Rxa7 Rxf3 45. a4 Kd5 46. Rg5+ Kd4 47. Rf7 h4 48. Rg4+ Kd5 1-0

[Event "ITA-chTA 51st"]
[Site "Brixen Bressanone"]
[Date "2019.04.27"]
[Round "3.3"]
[White "Signorelli, Gaetano"]
[Black "Loiacono, Antonio"]
[Result "1-0"]
[WhiteElo "2222"]
[BlackElo "2206"]
[PlyCount "101"]
[EventDate "2019.04.26"]
[EventType "team-swiss"]
[EventRounds "7"]
[EventCountry "ITA"]
[SourceTitle "CBM 190 Extra"]
[Source "ChessBase"]
[SourceDate "2019.07.15"]
[SourceVersion "1"]
[SourceVersionDate "2019.07.15"]
[SourceQuality "1"]
[WhiteTeam "Carrera Don Pietro"]
[BlackTeam "Montebelluna Master"]
[WhiteTeamCountry "ITA"]
[BlackTeamCountry "ITA"]

1. e4 e5 2. d4 exd4 3. Qxd4 Nc6 4. Qe3 Nf6 5. Nc3 Bb4 6. Bd2 0-0 7. 0-0-0 Re8 8. Qf4 Bxc3 9. Bxc3 Rxe4 10. Qg3 d6 11. f3 Re8 12. Ne2 Bd7 13. Nf4 Ne5 14. h4 a5 15. Qf2 b5 16. g4 b4 17. Bxe5 dxe5 18. g5 exf4 19. gxf6 Qxf6 20. Rxd7 Qe6 21. Qd4 Qxa2 22. Kd2 c5 23. Bc4 Qa4 24. Bxf7+ Kh8 25. Bb3 Qxd7 26. Qxd7 Rad8 27. Qxd8 Rxd8+ 28. Ke2 g6 29. Ra1 Ra8 30. Kd3 Kg7 31. Ke4 Kh6 32. Kxf4 Rd8 33. Rxa5 c4 34. Ba4 Rd4+ 35. Kg3 b3 36. cxb3 cxb3 37. Bxb3 Rb4 38. Ra3 Kg7 39. Ra7+ Kh8 40. Bd5 Rxb2 41. Kf4 Rb5 42. Rd7 h6 43. Ke5 g5 44. hxg5 hxg5 45. Kf5 Rb1 46. Kxg5 Rg1+ 47. Kf6 Rg6+ 48. Ke5 Rg5+ 49. Kd6 Rg6+ 50. Be6 Rf6 51. Rf7 1-0

[Event "London Classic op 10th"]
[Site "London"]
[Date "2018.12.13"]
[Round "5"]
[White "Signorelli, Gaetano"]
[Black "Arkell, Keith C"]
[Result "0-1"]
[WhiteElo "2222"]
[BlackElo "2453"]
[PlyCount "118"]
[EventDate "2018.12.09"]
[EventType "swiss"]
[EventRounds "9"]
[EventCountry "ENG"]
[SourceTitle "CBM 187 Extra"]
[Source "ChessBase"]
[SourceDate "2018.11.04"]
[SourceVersion "1"]
[SourceVersionDate "2018.11.04"]
[SourceQuality "1"]

1. e4 c6 2. d4 d5 3. Nc3 g6 4. e5 Bg7 5. f4 h5 6. Nf3 Bg4 7. h3 Bxf3 8. Qxf3 e6 9. Be3 h4 10. Bd3 Na6 11. a3 Nh6 12. 0-0 Nf5 13. Bf2 Nc7 14. Ne2 a5 15. a4 Bf8 16. Kh2 Be7 17. Ng1 Kf8 18. Qe2 Ne8 19. Bxf5 exf5 20. Nf3 Ng7 21. b3 Ne6 22. Qd2 Kg7 23. Rfd1 Qd7 24. Rac1 b5 25. Ra1 b4 26. Be3 Rac8 27. c3 bxc3 28. Qxc3 Rb8 29. Rab1 Bb4 30. Qd3 Rb6 31. Rdc1 Qb7 32. Rc2 Be7 33. Bd2 Ra8 34. Rcb2 c5 35. dxc5 Nxc5 36. Qd4 Ne6 37. Qd3 Qd7 38. Nd4 Bc5 39. Nf3 Bf2 40. Be3 Bg3+ 41. Kh1 Rb4 42. Rd1 Rab8 43. Bf2 Nxf4 44. Qa6 Ne6 45. Qxa5 Rxb3 46. Rxd5 Qxd5 47. Qxd5 Rxb2 48. Be3 Rb1+ 49. Ng1 Rd8 50. Qa2 Rdd1 51. a5 Ra1 52. Qb3 Bxe5 53. a6 Bd4 54. a7 Bxe3 55. Qxd1 Rxd1 56. a8Q Rxg1+ 57. Kh2 Nf4 58. Qd8 Rxg2+ 59. Kh1 Rg3 0-1

[Event "London Classic op 10th"]
[Site "London"]
[Date "2018.12.10"]
[Round "2"]
[White "Pert, Nicholas"]
[Black "Signorelli, Gaetano"]
[Result "1-0"]
[WhiteElo "2546"]
[BlackElo "2222"]
[PlyCount "53"]
[EventDate "2018.12.09"]
[EventType "swiss"]
[EventRounds "9"]
[EventCountry "ENG"]
[SourceTitle "CBM 187 Extra"]
[Source "ChessBase"]
[SourceDate "2018.11.04"]
[SourceVersion "1"]
[SourceVersionDate "2018.11.04"]
[SourceQuality "1"]

1. d4 d5 2. c4 Nc6 3. Nc3 Nf6 4. Nf3 dxc4 5. Bg5 h6 6. Bh4 a6 7. e4 Bg4 8. d5 Ne5 9. Bg3 Bxf3 10. gxf3 Nd3+ 11. Bxd3 cxd3 12. Qxd3 e6 13. 0-0-0 Qe7 14. Kb1 e5 15. f4 exf4 16. Bxf4 Nh5 17. d6 Qd7 18. Be5 cxd6 19. Qf3 Qe6 20. Bd4 Nf6 21. Nd5 Nxd5 22. exd5 Qg6+ 23. Ka1 f5 24. Rhg1 Qf7 25. Rc1 Rg8 26. Rge1+ Kd7 27. Qc3 1-0

[Event "Bergamo op 17th"]
[Site "Bergamo"]
[Date "2018.07.13"]
[Round "2"]
[White "Signorelli, Gaetano"]
[Black "Brunello, Sabino"]
[Result "0-1"]
[WhiteElo "2229"]
[BlackElo "2555"]
[PlyCount "56"]
[EventDate "2018.07.13"]
[EventType "swiss"]
[EventRounds "9"]
[EventCountry "ITA"]
[SourceTitle "EXT 2019"]
[Source "ChessBase"]
[SourceDate "2018.10.10"]
[SourceVersion "1"]
[SourceVersionDate "2018.10.10"]
[SourceQuality "1"]

1. e4 c5 2. Nf3 d6 3. d4 cxd4 4. Nxd4 Nf6 5. Nc3 a6 6. Be2 e5 7. Nb3 Nbd7 8. Be3 Be7 9. 0-0 0-0 10. f4 exf4 11. Rxf4 Ne5 12. Nd4 Re8 13. Nf5 Bf8 14. Qd4 g6 15. Ng3 Nfg4 16. Nd5 Bg7 17. Qd2 Nxe3 18. Qxe3 Be6 19. Nb6 Rb8 20. Rf2 Nc6 21. c3 Nd4 22. Nc4 Nc2 23. Qc1 Nxa1 24. Qxa1 b5 25. Ne3 b4 26. Nc2 bxc3 27. bxc3 Qa5 28. Nd4 Rbc8 0-1

[Event "Wch U20 56th"]
[Site "Tarvisio"]
[Date "2017.11.15"]
[Round "3"]
[White "Bersamina, Paulo"]
[Black "Signorelli, Gaetano"]
[Result "1-0"]
[WhiteElo "2404"]
[BlackElo "2193"]
[PlyCount "49"]
[EventDate "2017.11.13"]
[EventType "swiss"]
[EventRounds "11"]
[EventCountry "ITA"]
[SourceTitle "CBM 181 Extra"]
[Source "ChessBase"]
[SourceDate "2017.12.12"]
[SourceVersion "1"]
[SourceVersionDate "2017.12.12"]
[SourceQuality "1"]

1. Nf3 f5 2. d3 d6 3. e4 e5 4. Nc3 c5 5. g3 Nc6 6. Bg2 Be7 7. 0-0 Nf6 8. Nh4 fxe4 9. dxe4 Nd4 10. Ne2 Qb6 11. c3 Nc6 12. Nf5 Bxf5 13. exf5 0-0-0 14. c4 Nd4 15. Nxd4 cxd4 16. a4 Rd7 17. a5 Qa6 18. Bg5 Ng8 19. b4 d5 20. b5 Qd6 21. c5 Qb8 22. c6 bxc6 23. bxc6 Rc7 24. Bxe7 Nxe7 25. Qg4 1-0

[Event "Wch U20 56th"]
[Site "Tarvisio"]
[Date "2017.11.14"]
[Round "2"]
[White "Signorelli, Gaetano"]
[Black "Lobanov, Sergei"]
[Result "0-1"]
[WhiteElo "2193"]
[BlackElo "2435"]
[PlyCount "110"]
[EventDate "2017.11.13"]
[EventType "swiss"]
[EventRounds "11"]
[EventCountry "ITA"]
[SourceTitle "CBM 181 Extra"]
[Source "ChessBase"]
[SourceDate "2017.12.12"]
[SourceVersion "1"]
[SourceVersionDate "2017.12.12"]
[SourceQuality "1"]

1. e4 c5 2. Nf3 d6 3. d4 cxd4 4. Nxd4 Nf6 5. Nc3 Nc6 6. Be2 e5 7. Nf3 h6 8. 0-0 Be7 9. Re1 0-0 10. h3 Be6 11. Bf1 Nb8 12. b3 a6 13. a4 Qc7 14. Bb2 Nbd7 15. Nd2 Nc5 16. Bc4 Qc6 17. Qf3 b6 18. Bd3 Nxd3 19. Qxd3 Rfd8 20. Nf1 d5 21. exd5 Nxd5 22. Nxd5 Rxd5 23. Qf3 f6 24. Ne3 Rd6 25. Qxc6 Rxc6 26. Ba3 Bxa3 27. Rxa3 Rd8 28. Raa1 f5 29. c4 a5 30. Rad1 Rcd6 31. Kf1 Rd3 32. Nd5 Rxd1 33. Rxd1 Kf7 34. Ke2 Bxd5 35. cxd5 Rc8 36. Rb1 Ke7 37. b4 Kd6 38. bxa5 bxa5 39. Rb7 Rc2+ 40. Ke3 g5 41. g4 f4+ 42. Ke4 Re2+ 43. Kf3 Ra2 44. Ke4 Rxa4+ 45. Kf5 e4 46. Rb6+ Kxd5 47. Re6 Rd4 48. Re5+ Kc4 49. Rxa5 Rd5+ 50. Rxd5 Kxd5 51. Kg6 e3 52. fxe3 fxe3 53. Kxh6 e2 54. Kxg5 e1Q 55. h4 Ke6 0-1

[Event "Etna op 2nd"]
[Site "Nicolosi"]
[Date "2015.12.07"]
[Round "6"]
[White "Signorelli, Gaetano"]
[Black "Varriale, Luca"]
[Result "1/2-1/2"]
[WhiteElo "2169"]
[BlackElo "2099"]
[PlyCount "38"]
[EventDate "2015.12.04"]
[EventType "swiss"]
[EventRounds "7"]
[EventCountry "ITA"]
[SourceTitle "CBM 170 Extra"]
[Source "ChessBase"]
[SourceDate "2016.02.25"]
[SourceVersion "1"]
[SourceVersionDate "2016.02.25"]
[SourceQuality "1"]

1. e4 c6 2. d4 d5 3. f3 Qb6 4. Nc3 dxe4 5. fxe4 e5 6. dxe5 Bc5 7. Qf3 Bxg1 8. Rxg1 Ne7 9. Qe3 Qxe3+ 10. Bxe3 Ng6 11. Bc5 Nd7 12. Bd6 Ndxe5 13. 0-0-0 Be6 14. Na4 Nc4 15. Bxc4 Bxc4 16. b3 Be6 17. Nc5 Bc8 18. Rgf1 b6 19. Nd3 c5 1/2-1/2

[Event "Etna op 2nd"]
[Site "Nicolosi"]
[Date "2015.12.05"]
[Round "2"]
[White "Signorelli, Gaetano"]
[Black "Dadello, Aleksandra"]
[Result "1-0"]
[WhiteElo "2169"]
[BlackElo "2030"]
[PlyCount "89"]
[EventDate "2015.12.04"]
[EventType "swiss"]
[EventRounds "7"]
[EventCountry "ITA"]
[SourceTitle "CBM 170 Extra"]
[Source "ChessBase"]
[SourceDate "2016.02.25"]
[SourceVersion "1"]
[SourceVersionDate "2016.02.25"]
[SourceQuality "1"]

1. e4 e6 2. d4 d5 3. e5 c5 4. c3 Bd7 5. Nf3 Nc6 6. Be2 Qb6 7. 0-0 Nge7 8. Na3 Nf5 9. Nc2 Be7 10. Rb1 Rc8 11. g4 Nh4 12. Nxh4 Bxh4 13. f4 cxd4 14. cxd4 0-0 15. Be3 f6 16. Bd3 fxe5 17. fxe5 Rxf1+ 18. Qxf1 Qd8 19. Qh3 h6 20. Rf1 Bg5 21. Bxg5 Qxg5 22. Qf3 Qe7 23. Kh1 Na5 24. g5 Rf8 25. Qxf8+ Qxf8 26. Bh7+ Kxh7 27. Rxf8 hxg5 28. Kg1 Kg6 29. Kf2 Bb5 30. b3 Nc6 31. Ke3 a5 32. a4 Ba6 33. Kd2 Ne7 34. Ne3 Nc6 35. Nc2 Ne7 36. b4 axb4 37. Nxb4 Bc4 38. Rb8 Nf5 39. Kc3 Ne3 40. Rxb7 Ng4 41. a5 Nxh2 42. a6 g4 43. a7 g3 44. a8Q g2 45. Qe8+ 1-0

[Event "Nicolosi Etna op 1st"]
[Site "Nicolosi"]
[Date "2014.12.06"]
[Round "3"]
[White "Vesce, Emanuele"]
[Black "Signorelli, Gaetano"]
[Result "1/2-1/2"]
[WhiteElo "1895"]
[BlackElo "2091"]
[PlyCount "82"]
[EventDate "2014.12.05"]
[EventType "swiss"]
[EventRounds "7"]
[EventCountry "ITA"]
[SourceTitle "CBM 163 Extra"]
[Source "ChessBase"]
[SourceDate "2014.12.23"]
[SourceVersion "1"]
[SourceVersionDate "2014.12.23"]
[SourceQuality "1"]

1. d4 f5 2. g3 Nf6 3. Bg2 g6 4. c4 Bg7 5. Nf3 0-0 6. 0-0 d6 7. Nc3 c6 8. Re1 Ne4 9. Qc2 Nxc3 10. bxc3 e5 11. dxe5 dxe5 12. Ba3 Re8 13. Red1 Qa5 14. Bb4 Qa6 15. c5 e4 16. Ng5 Qc4 17. e3 Kh8 18. Bf1 Qg8 19. Rd4 Be6 20. Nxe6 Qxe6 21. Rd6 Qe7 22. Rad1 Be5 23. R6d2 a5 24. Ba3 b5 25. c4 b4 26. Bb2 Qxc5 27. Rd8 Na6 28. Bd4 Bxd4 29. R8xd4 Qe5 30. c5 Nxc5 31. Rc4 Ne6 32. Rxc6 Red8 33. Rxd8+ Rxd8 34. Qc4 Ng5 35. Rc8 Rxc8 36. Qxc8+ Kg7 37. Qd7+ Kh6 38. Kg2 Nf3 39. Qd8 Ng5 40. Qf8+ Qg7 41. Qd8 a4 1/2-1/2

[Event "Nicolosi Etna op 1st"]
[Site "Nicolosi"]
[Date "2014.12.05"]
[Round "1"]
[White "Battaglia, Giuseppe"]
[Black "Signorelli, Gaetano"]
[Result "0-1"]
[WhiteElo "1690"]
[BlackElo "2091"]
[PlyCount "52"]
[EventDate "2014.12.05"]
[EventType "swiss"]
[EventRounds "7"]
[EventCountry "ITA"]
[SourceTitle "CBM 163 Extra"]
[Source "ChessBase"]
[SourceDate "2014.12.23"]
[SourceVersion "1"]
[SourceVersionDate "2014.12.23"]
[SourceQuality "1"]

1. Nf3 f5 2. g3 Nf6 3. Bg2 g6 4. 0-0 Bg7 5. d3 0-0 6. c4 d6 7. Nc3 e5 8. Qb3 c6 9. c5+ Kh8 10. cxd6 Qxd6 11. Ng5 Qe7 12. Bd2 h6 13. Nf3 Nh5 14. Na4 Na6 15. Rfc1 Be6 16. Qc2 Kh7 17. b3 Rad8 18. Nc5 Nxc5 19. Qxc5 Qxc5 20. Rxc5 e4 21. Ne5 Rfe8 22. Bc3 Bd5 23. g4 Nf4 24. dxe4 fxe4 25. Rxd5 cxd5 26. Nf7 Nxe2+ 0-1

[Event "Messina op-A 1st"]
[Site "Messina"]
[Date "2011.08.29"]
[Round "2"]
[White "Signorelli, Gaetano"]
[Black "Arito, Luigi"]
[Result "0-1"]
[WhiteElo "1897"]
[BlackElo "1883"]
[PlyCount "36"]
[EventDate "2011.08.28"]
[EventType "swiss"]
[EventRounds "9"]
[EventCountry "ITA"]
[SourceTitle "CBM 144 Extra"]
[Source "ChessBase"]
[SourceDate "2011.10.28"]
[SourceVersion "1"]
[SourceVersionDate "2011.10.28"]
[SourceQuality "1"]

1. e4 e5 2. Nf3 Nf6 3. Nc3 Bb4 4. Qe2 0-0 5. Qc4 Bxc3 6. bxc3 d6 7. Ba3 Nc6 8. d3 a6 9. Qb3 Bd7 10. Be2 Rb8 11. Nd2 Be6 12. Qb2 Nd7 13. d4 exd4 14. cxd4 Qg5 15. d5 Bxd5 16. exd5 Qxd5 17. Nf3 Rfe8 18. Rd1 Rxe2+ 0-1